000 00876nam a2200277 i 4500
001 16068
003 ES-MaACL
005 20250817143245.0
007 t|
008 000620s1997 sp ||||0| spa j
020 _a84-7635-241-7
040 _aM-BN
_bspa
_cM-BN
080 _a655.11(460.188 S.)"14/18"
080 _a015(460.188 S.)"14/18"
100 1 _aReyes Gómez, Fermín de los.
_996584
245 1 3 _aLa imprenta en Segovia (1472-1900) /
_cFermín de los Reyes Gómez.
260 _aMadrid :
_bArco,
_c1997.
300 _a2 v. (1036 p.) :
_bil ;
_c25 cm.
490 1 _aTipobibliografía española
650 0 4 _aImprenta-
_xSegovia
_913614
650 1 4 _aBibliografías segovianas-
_yS.XV-XIX.
_910525
830 0 _aTipobibliografía española
_9178971
852 _aES-MaACL
_jL-23260-61
_bR.128537
_916435
942 _2udc
999 _c16068
_d16068